[Event "YUG-chT"]
[Site "Tivat"]
[Date "1995.??.??"]
[Round "5"]
[White "Sakaev, Konstantin"]
[Black "Beliavsky, Alexander G"]
[Result "1/2-1/2"]
[WhiteElo "2570"]
[BlackElo "2650"]
[Annotator "Dolmatov,S"]
[PlyCount "83"]
[EventDate "1995.??.??"]
[EventType "team-swiss"]
[EventRounds "11"]
[EventCountry "YUG"]
[SourceTitle "CBM 048 Extra"]
[Source "ChessBase"]
[SourceDate "1995.11.01"]
[SourceVersion "1"]
[SourceVersionDate "1995.11.01"]
[SourceQuality "1"]

1. c4 e6 2. Nc3 d5 3. d4 c6 4. Nf3 dxc4 5. Bg5 (5. a4 Bb4 6. e3 b5 7. Bd2 a5 8.
axb5 Bxc3 9. Bxc3 cxb5 10. b3 Bb7 11. bxc4 b4 $13) 5... f6 (5... Nf6 6. e4 b5
7. e5 h6 8. Bh4 g5 $13) (5... Qc7 6. e4 b5 7. a4 Bb4 8. Nd2 a6 9. axb5 cxb5 10.
Nxb5 axb5 11. Rxa8 Bb7 12. Ra1 Bxe4 $44 {Bagirov,V-Chekhov,V/URS/1982/}) 6. Bh4
Nh6 $5 (6... b5 $5 7. a4 Bb4 8. e3 a6 9. Nd2 Bb7 10. Rc1 Ne7 11. b3 Nf5 12. Bg3
$132) 7. e4 b5 8. a4 a6 9. g4 $6 (9. axb5 cxb5 10. Nxb5 axb5 11. Rxa8 Bb7 12.
Ra1 Bxe4 $44) (9. e5 $5 g5 10. Bg3 f5 11. h4 g4 (11... f4 12. hxg5 fxg3 13.
gxh6 $44) 12. Ng1 Bb7 13. Nge2 $44) 9... Be7 (9... Nxg4 10. Rg1 (10. e5 Nh6 11.
exf6 gxf6 $15) 10... Nh6 $15) 10. e5 f5 11. Bxe7 Qxe7 12. g5 Nf7 13. Rg1 (13.
axb5 cxb5 14. Nxb5 Bb7 $17) 13... Bb7 14. g6 hxg6 15. Rxg6 Nd7 $15 16. Rxg7
O-O-O 17. Qe2 (17. Ng5 $2 Ndxe5 18. dxe5 Rxd1+ 19. Rxd1 Qxg5 20. Rxg5 Nxg5 $17)
17... Rdg8 18. Rg3 Nb6 19. Bg2 Ng5 (19... f4 $6 20. Rxg8+ Rxg8 21. Bh3 Nd5 22.
Ne4 $16) (19... b4 20. a5 Nd5 21. Na4 Nf4 22. Qf1 Nd3+ 23. Kd2 $132) 20. O-O-O
(20. Nxg5 Rxg5 21. O-O-O Rxh2 $17) 20... b4 $6 (20... Nd5 $17) 21. a5 bxc3 $1 (
21... Nd5 22. Na4 Ne4 23. Qxc4 Nxg3 24. hxg3 f4 $15) 22. axb6 cxb2+ 23. Qxb2
Ne4 24. Rxg8+ Rxg8 25. Bf1 c3 26. Qa2 Kd7 27. Bc4 Rg2 28. Bf1 Rg6 $2 (28...
Rxf2 29. Be2 c2 $19) 29. h4 Qf8 30. Bxa6 Bxa6 (30... Qa8 31. Bc4 Qxa2 32. Bxa2
$132) 31. Qxa6 Qb4 32. Qa2 (32. Qb7+ $6 Ke8 33. Qxc6+ Kf7 34. Qb7+ Kg8 35. Qa8+
Kh7 36. Qa2 Qxb6 $17) 32... Qxb6 33. h5 Rg8 34. Kc2 Qb5 $2 (34... Rg2 35. Rf1
Nxf2 $19) 35. Qa7+ $10 Ke8 36. Qa8+ Kf7 37. Qa7+ Kf8 38. Qa8+ Kg7 39. Rg1+ Kh6
40. Qxg8 Qe2+ 41. Kb3 Qb2+ 42. Ka4 1/2-1/2

[Event "RUS-ch51"]
[Site "St Petersburg"]
[Date "1998.07.31"]
[Round "4"]
[White "Dreev, Alexey"]
[Black "Sveshnikov, Evgeny"]
[Result "1-0"]
[WhiteElo "2645"]
[BlackElo "2575"]
[Annotator "Donev,I"]
[PlyCount "73"]
[EventDate "1998.07.28"]
[EventType "swiss"]
[EventRounds "11"]
[EventCountry "RUS"]
[SourceTitle "CBM 067"]
[Source "ChessBase"]
[SourceDate "1998.11.30"]
[SourceVersion "2"]
[SourceVersionDate "1998.11.01"]
[SourceQuality "1"]

1. d4 d5 2. c4 e6 3. Nc3 c6 4. e4 dxe4 5. Nxe4 Bb4+ 6. Bd2 Qxd4 7. Bxb4 Qxe4+
8. Be2 c5 9. Bxc5 Nd7 10. Bd6 Qxg2 11. Bf3 Qg5 12. h4 Qf6 (12... Qf5 13. Qb3 {
/\14.0-0-0}) 13. Qb3 (13. Qd2 Ne5) (13. Qe2 Ne7 14. O-O-O Nf5 15. Ba3 Nd4 16.
Qe3 Nxf3 17. Nxf3 $36) 13... Ne7 14. Ne2 (14. Be4 Nf5 15. Bxf5 Qxf5 16. O-O-O
b6 17. Qg3 $44) 14... O-O 15. Ng3 Ne5 16. Be4 N5c6 $2 (16... Re8 $142 17. Nh5
Qh6 18. Qb5 {[%cal Yb5e8,Yb5e5]} N7c6 (18... N5c6 19. Bf4 $18 {[%cal Yf4h6]})
19. Bxe5 Qxh5 20. Bxg7 Qg4 $1) 17. Bxc6 bxc6 18. Nh5 Qf5 ({nach} 18... Qg6 19.
Bxe7 Re8 20. Bf6 $1 Qxh5 21. Rg1 g6 22. Rg5 Qh6 23. Rd1 $14 {wäre die schwarze
Stellung auch schwierig zu spielen gewesen.}) 19. Bxe7 Re8 {[%cal Ye8e7,Yf5h5]
[%mdl 132] Es ist bemerkennswert wie der Anziehende mit seinen nächsten Zügen
seinen Angriff am Königsflügel führt. Ich empfehle den Lesern die Partie im
Trainingsmodus anzuschauen und zu versuchen die weißen Züge selbst zu finden.}
(19... Qe4+ {[%cal Ye4e1,Ye4h1]} 20. Kd2 Qd4+ 21. Kc1 Re8 22. Rg1 Kh8 23. Rxg7
Rxe7 24. Qc2 $18 {[%cal Yc2h7,Yg7h7]}) {[%tqu "De","Mit welche Zug bekommt
Weiß starke Angriff am Königsflügel?","","","h5f6","",5]} 20. Nf6+ $1 gxf6 21.
Rg1+ Kh8 {[%tqu "De","Was muß Weiß spielen?","","","e1c1","",10]} 22. O-O-O $1
Ba6 {[%tqu "De","Wie bekommt der Anziehende entscheidenden Vorteil?","","",
"b3e3","",5]} 23. Qe3 $1 $18 {Gegen die Drohung Qh6 ist kein Kraut gewachsen.
Es muß erwähnt werden, dass der Läufer e7, der schon mehrere Züge hängt, eine
wichtige Rolle beim Angriff spielt. Isoliert steht im Vergleich dazu sein
armer Kollege am Damenflügel. Jetzt geht Qh5 nicht weil die Dame den Bauer f6
decken muß.} Rxe7 24. Qh6 $1 {Das Mattdrohung kann der Nachziehende nur mit
großen Materialverluste abwehren.} Qg6 25. Rxg6 fxg6 26. h5 e5 27. b3 Rg7 28.
Rd6 Rag8 29. Rxc6 Bc8 30. Rxf6 gxh5 31. Qxh5 Rg5 32. Qf7 R5g7 33. Qh5 Rg5 34.
Qh6 R5g7 35. c5 Re8 36. Qh5 Bd7 37. Kb2 1-0

[Event "RUS-Cup03 Geller Memorial"]
[Site "Moscow"]
[Date "1999.02.09"]
[Round "8"]
[White "Riazantsev, Alexander"]
[Black "Beshukov, Sergei"]
[Result "1/2-1/2"]
[WhiteElo "2387"]
[BlackElo "2511"]
[Annotator "Donev,I"]
[PlyCount "61"]
[EventDate "1999.02.10"]
[EventType "swiss"]
[EventRounds "9"]
[EventCountry "RUS"]
[SourceTitle "CBM 070"]
[Source "ChessBase"]
[SourceDate "1999.06.08"]
[SourceVersion "1"]
[SourceVersionDate "1999.06.08"]
[SourceQuality "1"]

1. d4 d5 2. c4 e6 3. Nc3 c6 4. cxd5 exd5 5. Bf4 ({Der Hauptproblem des
Nachziehende in der Abtauschvariante des Damengambit ist die Entwicklung des
Damenläufers. Beachtung verdient die Fortsetzung Qc2, um das Feld f5 zu
kontrollieren.Hier eine unbekannte Partie gegen den Deutschen IM Werner aus
meiner eigenen Praxis, gespielt beim GM Turnier in Bulgarien.} 5. Qc2 Bd6 6.
Nf3 Ne7 7. Bg5 Bf5 8. Qd2 Nd7 9. e3 O-O 10. Be2 Qa5 11. O-O Rae8 12. a3 Qc7 13.
Rfc1 Qb8 14. Bh4 Bg6 15. Bg3 f5 16. Bf4 Bh5 17. Ng5 Bxe2 18. Nxe2 Ng6 19. g3
Nf6 20. b4 Ne4 21. Nxe4 fxe4 22. Rab1 Nxf4 23. exf4 g5 24. fxg5 Rxf2 25. Kxf2
e3+ 26. Qxe3 Rxe3 27. Kxe3 Qe8+ 28. Kf2 Qe4 29. Rb3 Qf5+ 30. Rf3 Qxg5 31. Nf4
Qg7 32. Rd1 a5 33. bxa5 Qc7 34. Nh5 Qxa5 35. Re1 Qd2+ 36. Kf1 Bf8 37. Re8 Qd1+
{1-0 Werner,D-Donev,I/Ruse 1989 (37)}) 5... Bd6 6. Bxd6 Qxd6 7. e3 (7. Qc2 Ne7
8. e3 Bf5 9. Bd3 Bxd3 10. Qxd3 $11) 7... Bf5 8. Bd3 Ne7 (8... Bxd3 9. Qxd3 Nf6
10. Nf3 Nbd7 11. O-O O-O 12. Rab1 a5 13. a3 Rfe8 14. h3 g6 15. Nd2 {1/2-1/2
Szekely,P-Korzubov,P/Pernik 1984/MCD (15)}) 9. Nge2 Bxd3 (9... O-O 10. O-O Nd7
11. b4 Qxb4 12. Rb1 Qd6 13. Rxb7 Nb6 14. Bxf5 Nxf5 15. Na4 Qd8 16. Qb3 Nd6 17.
Nxb6 axb6 18. Qxb6 (18. Rxb6 Nc4 {[%cal Yc4b6,Yc4d2]}) 18... Nxb7 19. Qxb7 Rxa2
{0-1 Fitzko,M-Griego,D/Philadelphia 1990/EXT 97 (19)}) 10. Qxd3 O-O 11. O-O Nd7
{[%mdl 16] Schwarz hat alle seine Figuren harmonisch entwickelt und muss mit
der Eröffnungsvariante zufrieden sein. Auf dem Brett steht der Karlsbader
Bauernaufbau, wobei der Abtausch der beiden Läufer eher für Schwarz günstig
ist.} 12. Rac1 Nb6 (12... Rae8 {/\f7-f5}) 13. Qc2 Ng6 14. Na4 {[%csl Yc5][%cal
Ya4c5]} Nxa4 15. Qxa4 f5 {[%cal Yf5f4,Yf4e3] Bereitet f5-f4xe3 vor, um einen
schwachen Bauern auf e3 zu bilden.} 16. g3 {Gegen f5-f4 gerichtet.} Rf6 17. Rc3
Nf8 18. Nf4 Nd7 (18... Ne6 $142) 19. Nd3 Re6 20. Qb3 Rb8 21. Qa3 ({Der
Damentausch führt zum Ausgleich, weil jetzt der schwarze König ausgezeichnet
auf dem Feld d6 plaziert werden kann. Interessanter war:} 21. Rb1 {nebst Qc2
und dem klassischen Minderheitangriff b2-b4-b5.}) 21... Qxa3 22. Rxa3 a6 23.
Rb3 Kf8 {[%csl Yc5,Yd6,Ye5][%cal Yf8e7,Ye7d6] Der König strebt nach d6, wo er
die wichtigen schwarzen Felder im Zentrum kontrollieren wird.} 24. Rc1 Ke7 25.
h4 Kd6 $1 26. Kg2 Ree8 27. Nc5 Nxc5 28. Rxc5 g6 29. Rc1 a5 30. Kf3 a4 31. Rbc3
1/2-1/2

[Event "Mermaid Beach Club"]
[Site "Bermuda"]
[Date "1999.02.01"]
[Round "11"]
[White "Ashley, Maurice"]
[Black "Waitzkin, Joshua"]
[Result "1-0"]
[WhiteElo "2473"]
[BlackElo "2467"]
[Annotator "Donev,I"]
[PlyCount "77"]
[EventDate "1999.01.21"]
[EventType "tourn"]
[EventRounds "13"]
[EventCountry "BER"]
[EventCategory "9"]
[SourceTitle "CBM 069"]
[Source "ChessBase"]
[SourceDate "1999.04.01"]
[SourceVersion "1"]
[SourceVersionDate "1999.04.01"]
[SourceQuality "1"]

1. c4 e6 2. Nc3 d5 3. cxd5 exd5 4. d4 c6 5. Qc2 {Das Ziel dieses frühen
Damenzuges ist offensichtlich: Vermeidet die Entwicklung des Damenläufers auf
f5; Aber die so frühe Festlegung der Lage der weissen Dame erlaubt dem
Nachziehenden konkrete Maßnahmen zu realisieren.} Bd6 6. Nf3 Ne7 $1 {Jetzt
wird der Damenläufer auf f5 entwickelt, sogar mit Tempo.} 7. Bg5 Bf5 8. Qd2 ({
Wie die Praxis gezeigt hat, führt die andere Alternative, die mit Damentausch
verbunden ist, nur zum Ausgleich:} 8. Qxf5 Nxf5 9. Bxd8 Kxd8 10. e3 $11) 8...
O-O 9. e3 Nd7 (9... Qd7 10. Bh4 Qe6 11. Bg3 Nd7 12. Bd3 Rfe8 13. O-O Bxd3 14.
Qxd3 Nf5 15. Rae1 Nxg3 {1/2-1/2 Hanel,R-Volkmann,F/AUT-chT9495 1995/CBM 45 ext
(15)}) (9... Qe8 10. Bh4 Ng6 11. Bg3 Qe7 12. Bd3 Bxd3 13. Qxd3 Nd7 14. Bxd6
Qxd6 15. O-O Rfe8 16. Qf5 {1/2-1/2 Barkhagen,J-Bashkov,V/URS 1991/CBM 26 (16)})
10. Bd3 (10. Be2 Qa5 11. O-O Rae8 12. a3 Qc7 13. Rfc1 Qb8 14. Bh4 Bg6 15. Bg3
f5 16. Bf4 Bh5 17. Ng5 Bxe2 18. Nxe2 Ng6 19. g3 Nf6 20. b4 Ne4 $11 {Werner,
D-Donev,I/Ruse 1989 (37)}) 10... Bg4 (10... Bxd3 $5 11. Qxd3 Qe8 12. O-O Ng6
$11) 11. Bh4 f5 12. h3 Bxf3 13. gxf3 Qe8 {es droht Ng6} 14. Bxe7 $1 Qxe7 15.
O-O-O b5 16. Kb1 Nb6 17. Qc2 Qf7 18. Rhg1 Be7 19. Rg2 Rad8 20. Rdg1 g6 21. Ne2
c5 $2 (21... Nc4 $142) 22. dxc5 $16 {[%mdl 128] Jetzt ist das Zentralfeld d4
für den weißen Springer geräumt. So "zielen" alle weißen Figuren gegen den
geschwächten schwarzen Königsflügel. Der Angriff des Anziehenden ist kaum
abzuwehren.} Nc4 23. Nd4 {Es droht Nf5 oder Bf5.} Kh8 24. h4 {Der weiße
Angriff geht wie Honig auf dem Butterbrot. Es ist selbstverständlich der
Wunsch des Anziehenden die h-Linie gegen den schwarzen Monarchen zu öffnen. Es
droht einfach h5 - hxg6.} Bxh4 25. Rh1 Bf6 {[%tqu "De","Wie setzen Sie den
weißen Angriff fort?","","","d4f5","",10]} 26. Nxf5 $1 gxf5 27. Bxf5 $18 {
Jetzt ist der schwarze König in der Ecke genagelt und niemand kann ihm mehr
helfen.} Rd7 28. Rgh2 $1 {Dieser Zug ist viel präziser als sofort auf h7 zu
nehmen:} (28. Bxh7 Qxh7 29. Rgh2 Qxh2 30. Rxh2+ Kg8 $16) 28... Bxb2 29. Bxd7
Na3+ 30. Kxb2 Nxc2 31. Rxh7+ Qxh7 32. Rxh7+ Kxh7 33. Kxc2 {Das Endspiel ist
leicht für Weiß gewonnen, weil der c-Freibauer (marschiert einfach zur 8.
Reihe) unhaltbar ist.} Rxf3 34. c6 $1 Rxf2+ 35. Kd3 Rxa2 36. c7 Ra3+ 37. Kd4
Ra4+ 38. Kxd5 Rc4 39. Bc6 1-0

[Event "RUS-Cup9"]
[Site "Novgorod"]
[Date "1997.06.22"]
[Round "9"]
[White "Bratchenko, Alexander"]
[Black "Korneev, Oleg"]
[Result "0-1"]
[WhiteElo "2390"]
[BlackElo "2590"]
[Annotator "Donev,I"]
[PlyCount "166"]
[EventDate "1997.06.11"]
[EventType "swiss"]
[EventRounds "9"]
[EventCountry "RUS"]
[SourceTitle "CBM 060"]
[Source "ChessBase"]
[SourceDate "1997.09.29"]
[SourceVersion "1"]
[SourceVersionDate "1997.09.29"]
[SourceQuality "1"]

1. d4 d5 2. c4 (2. Nf3 Nf6 3. c4 e6 4. cxd5 exd5 5. Nc3 c6 6. Qc2 Na6 7. a3 Nc7
8. Bg5 g6 9. e3 Bf5 10. Bd3 Bxd3 11. Qxd3 Be7 12. O-O O-O 13. b4 Ne4 $10 14.
Bf4 Nxc3 15. Qxc3 Bd6 16. Bxd6 Nb5 17. Qb3 Nxd6 18. a4 a6 19. Ne5 Re8 20. Rfe1
Qg5 21. h3 Kg7 22. Qc2 Re6 23. Rac1 Rae8 24. Qb1 $5 Qh5 25. Qb3 $6 f6 26. Nd3
g5 27. Qd1 $6 Qg6 28. Qc2 $6 R6e7 29. Red1 h5 30. Qb1 h4 31. Qc2 g4 32. Nf4
Qxc2 33. Rxc2 g3 34. Rd3 Kh6 35. Kf1 Kg5 36. Ne2 Nc4 37. Rcc3 {Portisch,
L-Kasparov,G/Skelleftea WCup 1989/CBM 14/0-1 (62)}) 2... e6 3. Nc3 c6 4. cxd5
exd5 5. Bf4 Bd6 6. Bg3 Ne7 7. e3 Nf5 8. Bxd6 Nxd6 9. Bd3 Bf5 10. Bxf5 Nxf5 $11
{Nach dem Tausch des Läufers hat der Nachziehende die Eröffnungsprobleme
erfolgreich gelöst.} 11. Qd3 Nd6 $1 {Das beste Feld für den schwarzen Springer.
Von hier aus kontrolliert er die wichtigen Felder e4, c4, f5 und b5. Diese
typische Bauernstruktur im Damengambit erinnert mich an die Partie Portisch,
L-Kasparov,G / Skelleftea WCup 1989/CBM 14, in der der Weltmeister musterhaft 
a) den weißen Minoritätsangriff neutralisiert und b) die schwarze Initiative
am Königsflügel durchgeführt hat. Ich empfehle dem Leser grundsätzlich solche
Partien zu studieren.} 12. Nge2 O-O 13. O-O Nd7 14. Rae1 Qh4 15. g3 Qe7 16. b3
Rae8 17. Nf4 g5 18. Ng2 f5 {Schwarz legt seine Karten offen: Er setzt alles
auf seine Initiative am Königsflügel.} 19. f3 {Schwächt den Punkt e3.} Nf6 20.
Nd1 Qg7 21. Nf2 g4 22. f4 (22. Qd1 gxf3 23. Qxf3 Nde4 24. Nxe4 Nxe4 25. Qh5 $11
) 22... Nfe4 23. Rc1 Re6 24. Qd1 Rh6 25. Nh4 Re8 26. Nxe4 Rxe4 27. Qd2 Qe7 28.
Rfe1 Ree6 29. Re2 Kh8 30. Qe1 a6 31. a4 Rh5 32. Rcc2 Ne4 33. Qa5 Rf6 34. Qb6
Rf8 35. Ng2 Rg8 36. Ne1 Rh3 37. Ng2 h5 {Früher oder später muß der
Nachziehende h5-h4 durchführen und - wenn nötig - die Qualität opfern. Dank
seines sehr stark zentralisierten Springers auf e4 bekommt Schwarz nach der
Öffnung des Königsflügels starken Angriff.} 38. Qa5 Rg7 39. Qe1 Kh7 40. Rb2 Qf6
41. b4 Nd6 {Der sogenannte Minoritätsangriff ist mit diesem Zug neutralisiert.
Um die Idee b4-b5 durchzusetzen, muß der Anziehende den Springer von g2 nach
c3 überführen.} 42. Rb3 Re7 43. Rb1 Kh6 44. Rb3 Qe6 45. Qb1 Nc4 {Jetzt hat
Schwarz nach 46. b5 cb5: 47.ab5: a5! in petto.} 46. Qd3 Kg6 47. Rb1 Kf6 48. Rb3
Qd6 49. Rb1 Re4 50. Qc3 Qe7 51. Rbe1 Re6 52. Ra2 Nd6 53. Ree2 Kf7 54. Qe1 Rg6
55. Rab2 Rg8 56. Rbc2 Qe4 57. Rc3 Rh8 58. Nh4 Qe7 59. Rb3 Qf6 60. Rb1 Ra8 61.
Ng2 Kg7 62. Nh4 Kh7 63. Ng2 Rg8 64. Rbb2 Qe7 65. Rb3 Rg6 66. Rb1 Kg8 67. Rbb2
Kf7 68. Rb3 Rg8 69. Rbb2 Ke6 70. Rb1 Rg7 71. Rbb2 Kf7 72. Rb1 Kg6 73. Rbb2 Kh7
74. Rb3 Ne4 75. b5 cxb5 76. axb5 a5 77. Rbb2 $2 (77. Qxa5) 77... b6 78. Rbc2 a4
79. Rc6 h4 80. Nxh4 Rxh4 81. gxh4 g3 82. hxg3 Nxg3 83. Rg2 $4 (83. Rh2 $142)
83... Qxh4 0-1

[Event "RUS-Cup02"]
[Site "Moscow"]
[Date "1998.??.??"]
[Round "8"]
[White "Sakaev, Konstantin"]
[Black "Rustemov, Alexander"]
[Result "1-0"]
[WhiteElo "2620"]
[BlackElo "2575"]
[Annotator "Donev,I"]
[PlyCount "81"]
[EventDate "1998.01.21"]
[EventType "swiss"]
[EventRounds "9"]
[EventCountry "RUS"]
[SourceTitle "CBM 063"]
[Source "ChessBase"]
[SourceDate "1998.03.26"]
[SourceVersion "1"]
[SourceVersionDate "1998.03.26"]
[SourceQuality "1"]

1. d4 {Tsesarsky Baburin} d5 2. c4 e6 3. Nc3 Be7 4. cxd5 exd5 5. Bf4 c6 6. e3
Bd6 7. Bg3 Ne7 8. Bd3 (8. Nf3 {Tsesarsky} O-O (8... Bxg3 9. hxg3 Qb6 10. Qd2
Bf5 11. Ne5 Nd7 12. g4 Nxe5 13. gxf5 Nd7 14. Bd3 Nf6 15. O-O-O Qa5 16. g4 $16 {
1-0 Hort,V-Rukavina,J/Opatija 1985 (50)}) 9. Qb3 a5 10. Bd3 Na6 11. a3 g6 12.
Rc1 Nc7 13. Na4 Bxg3 14. hxg3 Ne8 15. Qb6 $14 {1/2-1/2 Seirawan,Y-Kurajica/MLT
1980 (41)}) (8. Qb3 {Tsesarsky} Bxg3 9. hxg3 Qb6 10. Qc2 Bf5 11. Bd3 Bxd3 12.
Qxd3 Nd7 13. Nf3 Qxb2 14. Rb1 Qa3 15. Rxb7 Nb6 16. Ne5 f6 17. Ng6 $1 $18 {
1-0 Raicevic-Vukovic/Genova 1989 (33)}) (8. Nge2 {Tsesarsky} Nf5 9. Nf4 Nd7 10.
Bd3 Nf6 11. Nh5 Nxh5 12. Qxh5 g6 13. Qe2 Nxg3 14. hxg3 O-O 15. O-O-O Re8 16.
Kb1 Qf6 17. Qf3 Qxf3 18. gxf3 h5 $11 {1/2-1/2 Hertneck,G-Raupp,T/BL 1986 (37)})
8... Bf5 (8... Nf5 {Tsesarsky} 9. Bxd6 Nxd6 10. Qc2 (10. Nge2 Bf5 11. Bxf5 Nxf5
12. Qd3 Nd6 13. O-O O-O 14. f3 f5 15. Nf4 $10 {Lputian,S} (15. Ng3 $2 Na6 $15 {
= Seirawan,Y-Lputian,S/Manila (izt) 1990})) 10... Qg5 11. g3 Bf5 12. Bxf5 Qxf5
13. Qxf5 Nxf5 14. Nf3 Nd6 $11 {1/2-1/2 Miladinovic,I-Savicevic,V/Damin gambit
0 (36)}) 9. Be2 (9. Nf3 {Tsesarsky} O-O (9... Bg6 10. Ne5 Nf5 11. Qf3 Bxe5 12.
Bxf5 Bc7 13. Bxc7 (13. e4 $6 O-O 14. e5 $6 (14. Bxc7 Qxc7 15. O-O (15. exd5
Re8+ $15) 15... Bxf5 16. Qxf5 $11) 14... Bxf5 15. Qxf5 f6 16. f4 fxe5 17. Qe6+
Kh8 18. dxe5 Bb6 (18... Qd7 19. Qxd7 Nxd7 20. Rc1 $132) 19. Rf1 Bd4 20. Rf3 Na6
21. O-O-O Nc5 22. Qg4 Bxc3 23. Rxc3 Ne4 $17 {0-1 Micic,C-Vukovic,Z/Belgrade
GMA 1988 (42)}) 13... Qxc7 14. O-O Bxf5 15. Qxf5 O-O 16. b4 $14) (9... Bxg3 10.
hxg3 Nd7 11. Qc2 Bxd3 12. Qxd3 h6 13. O-O-O Qc7 14. Kb1 O-O-O 15. Rc1 a6 16.
Na4 Kb8 17. Rc3 Ka7 18. Rhc1 $14 {1-0 Cebalo,M-Abramovic,B/JUG-ch 1985 (42)})
10. Rb1 (10. Qc2 Bxd3 11. Qxd3 Na6 12. Ng5 Ng6 13. Bxd6 Qxd6 14. h4 h6 15. Nf3
Nb4 16. Qd2 a5 $132 {1/2-1/2 Vyzmanavin,A-Petrosian,A/Tashkent 1984 (53)}) (10.
Ne5 Bxd3 11. Nxd3 Nf5 12. Qf3 g6 13. Bxd6 Nxd6 $132 {1-0 Botvinnik,M-Kurajica,
B/Beograd 1969 (62)}) 10... a5 11. a3 Bg6 12. Ne5 Bxe5 13. Bxe5 Nd7 14. Bf4
Bxd3 15. Qxd3 a4 16. O-O b5 17. Rfc1 Re8 18. h3 Ng6 19. Bg3 $14 {1-0 Lputian,
S-Petrosian,A/Tel Aviv ch URS 1982 (40)}) (9. Nge2 {Tsesarsky} Bxg3 10. hxg3
Nd7 11. Qc2 Bxd3 12. Qxd3 Nf6 13. g4 Nxg4 14. Rxh7 $14 {1-0 Wintzer,J-Sonntag,
H/BL2-W 1991 (40)}) (9. Bxd6 {Tsesarsky} Qxd6 10. Nf3 Bxd3 11. Qxd3 Nd7 12. O-O
O-O 13. Rab1 a5 {1/2-1/2 Komarov,D-Timoshenko,G/Belgrade Trako 1995}) 9... O-O
10. Qb3 (10. Nf3 {Tsesarsky} Nc8 (10... Re8 11. O-O Nc8 $11) 11. O-O Nd7 $11)
10... Nc8 (10... b6 $6 {Tsesarsky} 11. Nf3 Re8 12. O-O $14) 11. Nf3 (11. Qxb7
Nb6 $1 $19 {/\Bc8 Die Falle ist zu. Die weiße Dame kommt nicht mehr raus.})
11... Qe7 (11... Nb6 {Tsesarsky} 12. O-O (12. Ne5 Re8 13. O-O f6 $132) 12...
Bxg3 13. hxg3 N8d7 $11) 12. Ne5 (12. O-O {Tsesarsky} Bxg3 13. hxg3 Nd6 $11)
12... Re8 (12... f6 {Tsesarsky} 13. Nd3 Re8 $11) 13. O-O f6 14. Nd3 Bxg3 15.
hxg3 Nd6 (15... Bxd3 16. Bxd3 Nd6 17. e4 $1 $16) 16. Nf4 Kh8 {Auf dem Brett
entsteht eine sehr oft vorkommende Stellung - der sogenannte Karlsbader
Bauernaufbau. Von großer Bedeutung ist die halboffene h-Linie und die
doppelten g-Bauern. Wie kann Weiß das ausnützen?} (16... Nf7 {Tsesarsky} 17. g4
Bc8 $5 $132) {Es ist lehrreich zu sehen, wie der Anziehende seine Figuren
harmonisch umgruppiert, um einen starken Angriff am Königsflügel zu bekommen.}
17. g4 $1 {Gibt mehr Raum am Königsflügel und befreit das Feld g3 für den
weißen Damenspringer (für eine spätere Zeitpunkt).} Be6 (17... Bc8 $5 {
Tsesarsky}) 18. Qc2 (18. Nxe6 {Tsesarsky} Qxe6 19. Qc2 Nd7 $132) 18... Nd7 19.
Bd3 Bg8 (19... Nf8 $6 {Tsesarsky} 20. Bxh7 $1 Bxg4 21. Bg6 $14) 20. Rae1 (20.
Bg6 {Tsesarsky} Nf7 $132) 20... Nf8 (20... Ne4 {Tsesarsky} 21. f3 (21. Bxe4
dxe4 $11) 21... Ng5 $132 (21... Nxc3 22. bxc3 Qd6 23. Bf5 b6 24. Re2 Re7 $132))
21. f3 $1 {Baburin: White's pawn formation is better, as it offers him chances
to attack on the h-file. Black has no clear objects for counterplay and has to
'sit & wait'. Kontrolliert nicht nur das e4 Feld, sondern befreit auch das
Feld f2 für den weißen Monarchen.} Rad8 22. Kf2 g6 (22... Bf7 {Tsesarsky} 23.
Rh1 h6 $132) 23. Rh1 Kg7 24. b3 Nf7 (24... Bf7 $11 {Tsesarsky}) 25. Qd2 Qb4 (
25... Ne6 {Tsesarsky} 26. g3 b6 $132) 26. Qb2 Re7 27. Nce2 {[%cal Ye2g3,Yg3f5,
Yg3h5]} Rde8 28. Ng3 {Allmählich sind die Wolken über dem schwarzen König
dichter geworden. Es folgt der entscheidende Teil des weißen Königsangriffes.}
Ng5 (28... Nd6 {Tsesarsky} 29. a3 Qb6 30. Qc2 $132) 29. Qc2 (29. Nfh5+ {
Tsesarsky} Kf7 (29... gxh5 30. a3 Qb6 31. Nf5+ Kh8 32. Nxe7 Rxe7 33. Rxh5 Nd7
$132) 30. a3 Qb6 31. Nf4 Kg7 $11) (29. a3 {Tsesarsky} Qb6 30. Qc2 Qa5 $132)
29... Qd6 $2 {Baburin: Careless! Black moves the queen close to his king, but
effectively sets himself up. Nach diesem Fehler bricht die schwarze Stellung
zusammen.} ({Nach} 29... Bf7 $142 {ist nichts zu sehen, wie Weiß die
gegnerische Festung knacken sollte:} 30. Nfh5+ (30. Bf5 {Tsesarsky} Nfe6 $11) (
30. Rh2 Nfe6 31. Nxe6+ Nxe6 32. Reh1 Bg8 $11 (32... Nxd4 $2 33. Rxh7+ (33. exd4
$4 Qxd4+ 34. Kf1 Re1#) 33... Kf8 34. Qd1 $1 $16)) 30... gxh5 31. Nf5+ Kh8 32.
Nxe7 Qxe7 33. gxh5 $13 (33. gxh5 Nd7 $15)) (29... Nge6 $132 {Tsesarsky}) 30.
Bxg6 $1 (30. Nxg6 $5 {Tsesarsky} hxg6 31. Bxg6 Qxg3+ 32. Kxg3 Nxg6 33. Qc3 $18)
30... hxg6 31. Nxg6 $1 {so ist der Verteidiger des Feldes f5 vernichtet. Es
droht Nf5.} Be6 $2 (31... Qxg3+ $142 32. Kxg3 Nxg6 $16 (32... Nxg6 {Tsesarsky}
33. Qc3 $18)) 32. Nh5+ Kf7 33. Nhf4 $1 {Baburin: White conducts his attack
very cool-headedly.} (33. Nh8+ Kg8 34. Nxf6+ Kg7 35. Nxe8+ Rxe8 $13) 33... Rd7
34. Rh6 Qc7 35. Reh1 {Baburin: The h-file has proved to be a main road for
White's rooks in this game! Black is tied up and cannot defend himself.} Qa5 ({
Auch nach:} 35... Qd6 36. R1h5 {wäre die schwarze Festung rasch unhaltbar
geworden.}) 36. Nxf8 Rxf8 37. Rxf6+ $1 Ke7 (37... Kxf6 38. Qg6+ Ke7 39. Qxg5+
Kf7 (39... Ke8 {Baburin} 40. Nxe6 Qxa2+ 41. Kg3 $18) 40. Nxe6 $18) 38. Rxf8
Kxf8 39. Rh5 Ne4+ 40. fxe4 Bxg4 41. Rg5 {Eine lehrreiche Partie zum Thema:
Königsangriff} 1-0